Matemáticas de la vida misma
Spremljeno u:
| Glavni autor: | |
|---|---|
| Format: | Knjiga |
| Jezik: | španjolski |
| Izdano: |
Barcelona
Graó
2007
|
| Teme: | |
| Oznake: |
Dodaj oznaku
Bez oznaka, Budi prvi tko označuje ovaj zapis!
|
MARC
| LEADER | 00000nam a22000005a 4500 | ||
|---|---|---|---|
| 003 | CL-ChBUA | ||
| 005 | 20120815091648.0 | ||
| 008 | 091125s2007 sp ||||| |||| 000 ||spa | ||
| 020 | |a 9788478275038 | ||
| 040 | |a CL-ChBUA |c CL-ChBUA | ||
| 082 | 0 | 0 | |a 372.7 |
| 090 | |c 27055 |d 27055 | ||
| 100 | 1 | |a Corbalán, Fernando | |
| 245 | 1 | 0 | |a Matemáticas de la vida misma |
| 260 | |a Barcelona |b Graó |c 2007 | ||
| 300 | |a 285 p. |c 24 cm. | ||
| 504 | |a gráfs., bibl., índice | ||
| 650 | 4 | |a MATEMATICAS - ENSEÑANZA | |
| 942 | |c LIB | ||
| 952 | |0 0 |1 0 |2 ddc |4 0 |6 372_700000000000000_C_789 |7 0 |9 63453 |a UNACH |b UNACH |c 300 |d 2009-11-25 |i 45.895 |l 2 |m 1 |o 372.7 / C 789 |p 64588 |r 2017-03-23 00:00:00 |s 2013-08-28 |u 63453 |w 2012-08-08 |y LIB | ||
| 999 | |c 27055 |d 27055 | ||